[Event "Let's Play Chess!"]
[Site "http://www.queenalice.com/game.php?id=146986"]
[Date "2006.12.27"]
[Round "-"]
[White "stanislawski"]
[Black "Morti"]
[Result "0-1"]
[WhiteElo "1900"]
[BlackElo "1884"]

1. d4 f5 2. c4 e6 3. g3 Be7 4. Bg2 Nf6 5. Nf3 O-O 6. O-O d5 7. b3 c6 8. Ba3 Bxa3
9. Nxa3 Nbd7 10. Qc1 Ne4 11. Nd2 Ndf6 12. f3 Nxd2 13. Qxd2 Bd7 14. Rac1 Qe7 15.
Qb2 Rae8 16. Rfe1 h6 17. e4 Qf7 18. Nb1 fxe4 19. fxe4 Qh5 20. Nc3 Ng4 21. h3 Nf2
22. Qe2 Nxh3+ 23. Kh2 Nf4+ 24. Qxh5 Nxh5 25. Rf1 Rxf1 26. Rxf1 e5 27. dxe5 d4
28. Ne2 c5 0-1

[Event "Let's Play Chess!"]
[Site "http://www.queenalice.com/game.php?id=146997"]
[Date "2006.12.27"]
[Round "-"]
[White "Morti"]
[Black "philler"]
[Result "0-1"]
[WhiteElo "1865"]
[BlackElo "1713"]

1. d4 d5 2. c4 c6 3. Nc3 Nf6 4. Bg5 Nbd7 5. Nf3 dxc4 6. a4 g6 7. e4 Bg7 8. Bxc4
O-O 9. O-O Nb6 10. Ba2 Bg4 11. Rc1 Bxf3 12. Qxf3 Qxd4 13. Rfd1 Qb4 14. e5 Ng4
15. Bxe7 Qxe7 16. Qxg4 Qxe5 17. h4 h5 18. Qxg6 a5 0-1

[Event "Let's Play Chess!"]
[Site "http://www.queenalice.com/game.php?id=146998"]
[Date "2006.12.27"]
[Round "-"]
[White "pcescritor"]
[Black "Morti"]
[Result "1-0"]
[WhiteElo "1590"]
[BlackElo "1841"]

1. e4 e5 2. Nf3 Nc6 3. Nc3 Bc5 4. d3 d6 5. Be2 Nf6 6. Bg5 Be6 7. Qd2 Nd4 8.
O-O-O h6 9. Bxf6 Qxf6 10. Nxd4 exd4 11. Nb5 Bb6 12. Bf3 O-O-O 13. b3 Qe5 14. a4
a6 15. a5 Qxb5 16. axb6 Qxb6 17. Rde1 Qc5 18. Kd1 Qa3 19. Ke2 g5 20. g3 g4 21.
Bg2 Qc5 22. c4 f5 23. b4 Qe5 24. Qc2 fxe4 25. Bxe4 d5 26. f4 Qh5 27. cxd5 Rxd5
28. Bxd5 Bxd5 29. Rc1 Qe8+ 30. Kf2 1-0

[Event "Let's Play Chess!"]
[Site "http://www.queenalice.com/game.php?id=148136"]
[Date "2006.12.30"]
[Round "-"]
[White "CampbellMarcel"]
[Black "Morti"]
[Result "0-1"]
[WhiteElo "1551"]
[BlackElo "1904"]

1. e4 e5 2. Nf3 Nc6 3. Bc4 Nf6 4. Ng5 d5 5. exd5 Na5 6. Bb5+ c6 7. dxc6 bxc6 8.
Be2 h6 9. Nxf7 Kxf7 10. Bh5+ Nxh5 11. Qxh5+ g6 12. Qxe5 Bg7 13. Qf4+ Qf6 14.
Qc7+ Qe7+ 15. Qxe7+ Kxe7 16. O-O Re8 0-1

[Event "Let's Play Chess!"]
[Site "http://www.queenalice.com/game.php?id=148138"]
[Date "2006.12.31"]
[Round "-"]
[White "monicker"]
[Black "Morti"]
[Result "0-1"]
[WhiteElo "1815"]
[BlackElo "1859"]

1. e4 e6 2. Nf3 d5 3. exd5 exd5 4. d4 Bd6 5. Nc3 Nf6 6. Bg5 c6 7. Be2 O-O 8. O-O
Bg4 9. Ne5 Bxe2 10. Qxe2 Re8 11. f4 Nbd7 12. Nxd7 Rxe2 13. Nxf6+ gxf6 14. Nxe2
fxg5 15. fxg5 Qxg5 16. Rf2 Re8 17. Nc3 Qe3 18. Ne2 Bxh2+ 19. Kxh2 Qxf2 0-1

[Event "Challenge"]
[Site "http://www.queenalice.com/game.php?id=164459"]
[Date "2007.2.6"]
[Round "-"]
[White "Morti"]
[Black "stanislawski"]
[Result "0-1"]
[WhiteElo "1815"]
[BlackElo "1975"]

1. e4 e6 2. d4 d5 3. Nd2 Nf6 4. e5 Nfd7 5. Bd3 c5 6. c3 Nc6 7. Ne2 cxd4 8. cxd4
f6 9. exf6 Nxf6 10. f4 Bd6 11. O-O O-O 12. a3 Ng4 13. Nf3 Bd7 14. Qc2 h6 15. h3
Nf6 16. Ne5 Rc8 17. Qd1 Qb6 18. Bc2 Nxe5 19. fxe5 Bxe5 20. Qd3 Bb5 21. Qg6 Bxe2
22. Bxh6 Bxd4+ 23. Kh1 Ne4 24. Rfe1 Nf2+ 25. Kh2 Be5+ 26. g3 Rxc2 27. Qxc2 Ng4+
0-1

[Event "Let's Play Chess!"]
[Site "http://www.queenalice.com/game.php?id=171012"]
[Date "2007.2.19"]
[Round "-"]
[White "Morti"]
[Black "eliasdiniz"]
[Result "1-0"]
[WhiteElo "1796"]
[BlackElo "1869"]

1. d4 Nf6 2. c4 e6 3. Nc3 Bb4 4. Qc2 b6 5. e4 Bb7 6. Bd3 O-O 7. Nf3 h6 8. O-O c5
9. e5 Bxc3 10. exf6 Bxf3 11. fxg7 Kxg7 12. Qxc3 Bh5 13. d5+ f6 14. Bc2 Kf7 15.
Qh3 1-0

[Event "Let's Play Chess!"]
[Site "http://www.queenalice.com/game.php?id=171015"]
[Date "2007.2.19"]
[Round "-"]
[White "eliasdiniz"]
[Black "Morti"]
[Result "0-1"]
[WhiteElo "1802"]
[BlackElo "1813"]

1. f4 d5 2. Nf3 Nf6 3. e3 c5 4. b3 Nc6 5. Bb5 Bd7 6. Bb2 e6 7. O-O Bd6 8. Bxc6
Bxc6 9. Ne5 Rc8 10. Ng4 Nh5 11. Rf3 d4 12. Rh3 g6 13. Nh6 Bf8 14. Ng4 dxe3 15.
Bxh8 Nxf4 16. Nf6+ Ke7 17. Rxe3 Nxg2 18. Rd3 Qb6 19. c4 Bh6 20. Nxh7 Rxh8 21.
Rg3 Rxh7 22. Rxg2 Bxg2 23. Kxg2 Bf4 0-1

[Event "Challenge"]
[Site "http://www.queenalice.com/game.php?id=173379"]
[Date "2007.2.24"]
[Round "-"]
[White "Morti"]
[Black "moonspell"]
[Result "0-1"]
[WhiteElo "1817"]
[BlackElo "1949"]

1. d4 Nf6 2. c4 e6 3. Nc3 d5 4. cxd5 exd5 5. Bg5 Nbd7 6. e4 dxe4 7. Nxe4 Be7 8.
Qc2 O-O 9. h4 Nxe4 10. Qxe4 Bxg5 11. hxg5 Re8 12. Bd3 Rxe4+ 13. Bxe4 Nf8 14. g6
Nxg6 15. Bxg6 fxg6 0-1

[Event "Challenge"]
[Site "http://www.queenalice.com/game.php?id=173380"]
[Date "2007.2.24"]
[Round "-"]
[White "Morti"]
[Black "moonspell"]
[Result "0-1"]
[WhiteElo "1806"]
[BlackElo "1960"]

1. e4 c5 2. Nf3 e6 3. d4 cxd4 4. Nxd4 Nc6 5. c4 Nf6 6. Nc3 Bb4 7. Bg5 Qa5 8.
Bxf6 Bxc3+ 9. bxc3 Qxc3+ 10. Qd2 Qxa1+ 11. Qd1 Qxd1+ 12. Kxd1 gxf6 13. Nb5 Kd8
14. Nd6 Ke7 15. Nb5 b6 0-1

[Event "Challenge"]
[Site "http://www.queenalice.com/game.php?id=180013"]
[Date "2007.3.11"]
[Round "-"]
[White "Morti"]
[Black "Nelson"]
[Result "0-1"]
[WhiteElo "1815"]
[BlackElo "2223"]

1. d4 d5 2. c4 dxc4 3. Nc3 a6 4. a4 Nf6 5. e4 e5 6. Bxc4 exd4 7. e5 Bb4 8. Nf3
dxc3 9. Qxd8+ Kxd8 10. O-O Ne4 11. Bxf7 Nc6 12. bxc3 Bxc3 13. e6 Bxa1 14. Rd1+
Nd6 15. Nd4 Bxd4 16. Rxd4 Bxe6 17. Bg5+ Kd7 18. Bxe6+ Kxe6 0-1

[Event "Let's Play Chess!"]
[Site "http://www.queenalice.com/game.php?id=257271"]
[Date "2007.8.18"]
[Round "-"]
[White "doran"]
[Black "Morti"]
[Result "1-0"]
[WhiteElo "1951"]
[BlackElo "1798"]

1. Nf3 d5 2. d3 Nc6 3. Nbd2 e5 4. e4 Bg4 5. Qe2 Bc5 6. c3 Nf6 7. h3 Bh5 8. b4
Bb6 9. g4 Bg6 10. b5 Nb8 11. Nxe5 O-O 12. Nxg6 fxg6 13. e5 Nbd7 14. d4 c5 15.
Bg2 Re8 16. Nb3 Qc7 17. O-O cxd4 18. cxd4 Rad8 19. f4 Nf8 20. Be3 Ne4 21. Bxe4
1-0

[Event "Let's Play Chess!"]
[Site "http://www.queenalice.com/game.php?id=257425"]
[Date "2007.8.19"]
[Round "-"]
[White "Morti"]
[Black "anderson"]
[Result "0-1"]
[WhiteElo "1814"]
[BlackElo "1814"]

1. e4 c5 2. Nf3 d6 3. d4 cxd4 4. Nxd4 Nf6 5. Nc3 a6 6. Be2 e5 7. Nb3 Be7 8. O-O
Nc6 9. Be3 O-O 10. f4 Qc7 11. Qe1 Nb4 12. Qd2 Bg4 13. a3 Nc6 14. Rad1 Rad8 15.
f5 Nb8 16. Bxg4 Nxg4 17. Nd5 Qd7 18. h3 Nxe3 0-1

[Event "Let's Play Chess!"]
[Site "http://www.queenalice.com/game.php?id=257426"]
[Date "2007.8.18"]
[Round "-"]
[White "oniwa"]
[Black "Morti"]
[Result "1-0"]
[WhiteElo "1872"]
[BlackElo "1828"]

1. e4 e5 2. Nf3 Nc6 3. Bb5 a6 4. Bxc6 dxc6 5. O-O Nf6 6. d3 Bg4 7. Bg5 Be7 8.
Nbd2 O-O 9. h3 Bh5 10. g4 Qd7 11. Nxe5 Qe6 12. f4 Bg6 13. Ndc4 h6 14. Bxf6 1-0